000
00327nam a22001337a 4500
022
_a
2880700140
082
_a
205 CON
100
_a
Conference of European Churches
245
_a
Churches and Islam in Europe (II)
260
_b
Conference of European Churches
_c
1982
300
_a
76
650
_a
Muslims-Europe
942
_c
BK
999
_c
19636
_d
19636